| 000 | 00517nam a2200181Ia 4500 | ||
|---|---|---|---|
| 003 | OSt | ||
| 005 | 20230701103551.0 | ||
| 008 | 210423s9999 xx 000 0 und d | ||
| 040 | _cAL | ||
| 041 | _aeng | ||
| 082 |
_a364.36 KUMJ _223 |
||
| 100 |
_aKUMARI (Ved). _9122545 |
||
| 245 | _aJuvenile justice system in india: from welfare to rights. | ||
| 260 |
_bOxford University Press _aWikipedia _c2004 |
||
| 365 |
_b620 _cINR |
||
| 906 | _aindia: ; justice ; Juvenile ; rights. ; system ; welfare | ||
| 942 |
_2ddc _cBK |
||
| 999 |
_c173982 _d173982 |
||